000 00323nam a22001337a 4500
008 211012b ||||| |||| 00| 0 eng d
041 _aeng
080 _a616.12
082 _a616.12
100 _a7
101 _aKARD
245 _aHeart Valve Replacement & Future trends in cardiac surgery
_cRabago,G
942 _2udc
_cBK
999 _c58183
_d58183